000 00709cam a22002414a 4500
008
020 _a9781412987301 (pbk.)
049 _aMAIN
090 _aHF5415.13
_bHIL
100 1 _aHill, Mark E.
245 1 0 _aMarketing strategy :
_bthe thinking involved /
_cMark E. Hill.
260 _aLos Angeles :
_bSAGE,
_cc2013.
300 _axxiv, 335 p. :
_bill. ;
_c26 cm.
500 _aIncludes index.
504 _aIncludes bibliographical references.
650 0 _aMarketing
_xManagement.
650 0 _aStrategic planning.
907 _a.b1038375x
_b26-09-17
_c25-09-17
003
005 20230123122301.0
040 _cNUST
942 _cBOOKS
_kHF5415.13
_mHIL
999 _c130989
_d130989